000 01274 a2200277 4500
001 44840
005 20260407155723.0
008 260407a1999 arg spa d
003 AR-UNSa-BCEJYS
040 _aAR-UNSa-BCEJYS
_bspa
_cAR-UNSa-BCEJYS
080 _a330
_xEconomía en general
245 1 0 _aEconomia
020 _a978-84-481-2314-7
250 _a16a. ed.
264 1 _aMadrid :
_bMcGraw-Hill
_c1999
300 _axxiii, 771 p.
_c23 cm.
505 _aParte I: Conceptos basicos - Parte II:La Microeconomia: La oferta, la demanda y los mercados de productos - Parte III: Los mercados de factores :La tierra, el trabajo, el capital y la distribución de la renta - Parte IV: El papel del estado en la economía- Parte V: La micoeconomía: El estudio del crecimiento y de los ciclos económicos - Parte VI: El crecimiento económico y la politica macroeconómica - Parte VII: El comercio internacional y la economía mundial
041 _aspa
942 _cBK
590 _aniveau_biblio:m niveau_hierar:0
100 1 _aSamuelson, Paul A.
700 1 _aNordhaus, William D.
700 1 _aRabasco, María Esther
700 1 _aToharia Cortés, Luis
856 4 1 _uhttps://www.biblioeco.unsa.edu.ar/pmb/images/libros/L126999.jpg
_yImagen de portada
_qimage/jpeg
999 _c3819
_d3819